000 01334nam a22002657a 4500
005 20101206113148.0
008 101206t xxu||||| |||| 00| 0 hin d
010 _aHIN-91190
020 _c350.00
035 _aHN-63536
037 _bDBAD/PUB
040 _aDPL
_bHN
082 _a398.2095442
100 _aमेहता, कविता
_924598
245 _aराजस्थान की लोकव्रत संस्कृति /
_cकविता मेहता
246 _aRajasthan ki Lokvrata Sanskriti
_bby Kavita Mehta
260 _aदिल्ली
_bसुभद्रा पब्लिशर्स एंड डिस्ट्री
_c2009
270 _aबी-216, चन्दू नगर, करावल नगर रोड
_bदिल्ली
_e110094
300 _a215पृ.
_c22सेमी (सजिल्द)
500 _aसमान ISBN 9788189399221 शीर्षक राजस्थान का सामाजिक एवं सांस्कृतिक इतिहासः?
650 _91169
700 _924599
942 _2ddc
_cHN
_mमेहता
_h398.2095442
999 _c48991
_d48991